| 000 | 00960cab a2200265 4500 | ||
|---|---|---|---|
| 001 | WB3337-35 | ||
| 008 | 090401t1997 xxu||||| |||| 00| 0 eng d | ||
| 035 | _a(Sirsi) u81022 | ||
| 041 | _aeng | ||
| 245 | _aPromoting quality and openess | ||
| 260 | _c1997 | ||
| 350 | _a0 | ||
| 490 |
_aScottish Office _v(1305/97) 18 September 1997, (2) |
||
| 520 | _aThe Scottish Office has published three consultants` reports "Public access to planning information"; "Quality assessment in development control" and "Contracts and complaint handling by the planning service" aimed at addressing quality and openness in planning. | ||
| 650 | _aACCESS TO INFORMATION | ||
| 650 | _aPLANNING AUTHORITIES | ||
| 650 | _aPLANNING SERVICES | ||
| 650 | _aPUBLIC PARTICIPATION | ||
| 650 | _aQUALITY CONTROL | ||
| 650 | _aQUALITY | ||
| 650 | _aSCOTLAND | ||
| 690 | _aENVIRONMENTAL AND LAND CONSULTANCY-PLANNING AND DEVELOPMENT | ||
| 942 | _n0 | ||
| 948 | _c23/09/1997 | ||
| 999 |
_c51043 _d51043 |
||